000 00699nam a2200241Ia 4500
003 OSt
005 20221005121605.0
006 a|||||r|||| 00| 0
007 ta
008 221004b |||||||| |||| 00| 0 eng d
024 _a45182
037 _cTextual
040 _aCRL
_cCRL
_beng
041 _2eng
_aeng
082 _aP495:1vN, L0 close sec
110 _aKorea, Culture and Information (Ministry of-)
_9630827
245 0 _aHistory of Korean alphabet and movable types
260 _c1970
650 _aLINGUISTICS
700 _aKorea, Culture and Information (Ministry of-)
_9630828
942 _hP495:1vN, L0 close sec
_cTEXL
_2cc
999 _c1041649
_d1041649